The pizza that we made / (Record no. 3281)
[ view plain ]
| 000 -LEADER | |
|---|---|
| fixed length control field | 00912nam a22002897a 4500 |
| 001 - CONTROL NUMBER | |
| control field | 3281 |
| 003 - CONTROL NUMBER IDENTIFIER | |
| control field | FISKH |
| 005 - DATE AND TIME OF LATEST TRANSACTION | |
| control field | 20241119083921.0 |
| 008 - FIXED-LENGTH DATA ELEMENTS--GENERAL INFORMATION | |
| fixed length control field | 240223b cb ||||| |||| 00| 0 eng d |
| 020 ## - INTERNATIONAL STANDARD BOOK NUMBER | |
| International Standard Book Number | 051488003991 |
| 040 ## - CATALOGING SOURCE | |
| Original cataloging agency | FISKH |
| Language of cataloging | eng |
| Transcribing agency | FISKH |
| Modifying agency | FISKH |
| 050 ## - LIBRARY OF CONGRESS CALL NUMBER | |
| Classification number | PZ8.H74 |
| 082 ## - DEWEY DECIMAL CLASSIFICATION NUMBER | |
| Edition number | 314 |
| 100 ## - MAIN ENTRY--PERSONAL NAME | |
| Personal name | Holub, Joan |
| 245 ## - TITLE STATEMENT | |
| Title | The pizza that we made / |
| Statement of responsibility, etc. | by Holub, Joan ; illustrated by Cravath, Lynne |
| 260 ## - PUBLICATION, DISTRIBUTION, ETC. | |
| Place of publication, distribution, etc. | New York : |
| Name of publisher, distributor, etc. | Puffin Books , |
| Date of publication, distribution, etc. | 2001 |
| 300 ## - PHYSICAL DESCRIPTION | |
| Extent | 31 unnumbered pages : |
| Other physical details | color illustrations ; |
| Dimensions | 24 cm . |
| 490 ## - SERIES STATEMENT | |
| Series statement | Puffin easy-to-read |
| Volume/sequential designation | Level 2 |
| 505 ## - FORMATTED CONTENTS NOTE | |
| Formatted contents note | G <br/> |
| 520 ## - SUMMARY, ETC. | |
| Summary, etc. | Three young cooks have fun making their own pizza, cleaning up their mess, and eating hot slices! |
| 521 8# - TARGET AUDIENCE NOTE | |
| Target audience note | 300 <br/> |
| Source | Lexile <br/> |
| 521 8# - TARGET AUDIENCE NOTE | |
| Target audience note | G <br/> |
| Source | Raz-Plus <br/> |
| 600 ## - SUBJECT ADDED ENTRY--PERSONAL NAME | |
| Source of heading or term | cooking |
| Form subdivision | fictiton |
| 650 ## - SUBJECT ADDED ENTRY--TOPICAL TERM | |
| Topical term or geographic name entry element | pizza |
| Form subdivision | fiction |
| 700 ## - ADDED ENTRY--PERSONAL NAME | |
| Personal name | Cravath, lynne |
| Relator term | illustrator |
| 942 ## - ADDED ENTRY ELEMENTS (KOHA) | |
| Source of classification or shelving scheme | Dewey Decimal Classification |
| Koha item type | Books |
| Suppress in OPAC | No |
| Withdrawn status | Lost status | Source of classification or shelving scheme | Damaged status | Not for loan | Collection | Home library | Current library | Shelving location | Date acquired | Total Checkouts | Full call number | Barcode | Date last seen | Price effective from | Koha item type | Date last checked out | Copy number |
|---|---|---|---|---|---|---|---|---|---|---|---|---|---|---|---|---|---|
| Dewey Decimal Classification | Juvenile Fiction | Footprints International School Library Network Toul Kork Campus | Footprints International School Library Network Toul Kork Campus | 02/23/2024 | HOL 314 PZ8.H74 | FIS02894 | 02/23/2024 | 02/23/2024 | Books | ||||||||
| Dewey Decimal Classification | Juvenile Fiction | Footprints International School Library Network Toul Kork Campus | Footprints International School Library Network Toul Kork Campus | TK Primary Library Room(4th Floor), Bookcase 7, Shelves 57-60, Dark Green Books | 10/30/2024 | 1 | HOL 314 PZ8.H74 | FISTK00812 | 03/25/2026 | 10/30/2024 | Books | 12/10/2025 | 2 | ||||
| Dewey Decimal Classification | Juvenile Fiction | Footprints International School Library Network Toul Kork Campus | Footprints International School Library Network Toul Kork Campus | TK Primary Library Room(4th Floor), Bookcase 7, Shelves 57-60, Dark Green Books | 11/06/2024 | 1 | HOL 314 PZ8.H74 | FISTK01324 | 01/05/2026 | 11/06/2024 | Books | 11/10/2025 | 3 | ||||
| Dewey Decimal Classification | Juvenile Fiction | Footprints International School Library Network Toul Kork Campus | Footprints International School Library Network Toul Kork Campus | TK Primary Library Room(4th Floor), Bookcase 7, Shelves 57-60, Dark Green Books | 11/19/2024 | HOL 314 PZ8.H74 | FISTK01320 | 11/19/2024 | 11/19/2024 | Books | 4 |
